عرض عادي
عرض مارك
- Vocabulary
مدخل مصطلح موضوعي
001 - رقم الضبط
- حقل الضبط: 39256
003 - معرف رقم الضبط
- حقل الضبط: OSt
005 - تاريخ ووقت أخر عملية
- حقل الضبط: 20131103183654.0
008 - عناصر بيانات ثابتة الطول
- حقل تحكم ثابت الطول: 131103|||a|||||| | ||| d
040 ## - مصدر الفهرسة
- هيئة الفهرسة الأصلية: OSt
- وكالة الكتابة: OSt
150 ## - مدخل-- مصطلح تاريخي
- عنصر مدخل المصطلح الموضوعي او الاسم الجغرافي: Vocabulary
- تفريع عام: Study and teaching (Elementary)
670 ## - بيانات المصدر موجوده
- الاستشهاد بالمصدر: Work cat.: (OSt)0: Spencer, Brenda H. 39255, 35 strategies for developing content area vocabulary /, c2009.
